| 000 | 00626nam a22001937a 4500 | ||
|---|---|---|---|
| 005 | 20150715110206.0 | ||
| 010 | _aENG-113144 | ||
| 020 |
_a9788184248449 _c750.00 |
||
| 035 | _aEN-96676 | ||
| 037 | _bDBAD/PUB | ||
| 082 | _a303.4825405493 | ||
| 245 |
_aIndia-Sri Lanka relations : _cedited by R. Sidda Goud [and] Manisha Mookherjee _bstrengthening SAARC / |
||
| 260 |
_aNew Delhi _bAllied Publishers _c2013 |
||
| 270 |
_a1/13-14 Asaf Ali Road, _bNew Delhi _e110002 |
||
| 300 |
_axxii,333p. _c23cm(Hb) |
||
| 700 | _aGoud, R. Sidda | ||
| 700 | _aMookherjee, Manisha | ||
| 942 |
_2ddc _cEN _mIND _h303.4825405493 |
||
| 999 |
_c93820 _d93820 |
||